Hallgatag barátaink

Bibliographic Details
Main Author: Švihran, Ladislav, 1931-2022 (Author)
Other Authors: Fundárková, Magda (Translator)
Format: Book
Language:Hungarian
PhysicalDescription:304 s., 24,11 AH 24 cm
Published: Bratislava Madách 1982
Edition:1., magyar nyelvu kiad.

MARC

LEADER 00000nam a2200000 a 4500
001 vtls001090266
003 SK-MaSNL
005 20260301062402.0
008 250414s1982 CS 0 hun
015 |a SNBA1983/01 
035 |a SNK000033108 
040 |a SNK  |b slo  |c SNK  |e AACR2 
041 0 |a hun 
044 |a [CS] 
080 |a 885.4-96(087.5)=945.11  |2 1981 
080 |a 608(091)(087.5)=945.11  |2 1981 
100 1 |a Švihran, Ladislav,  |d 1931-2022  |4 aut  |9 110359 
245 1 0 |a Hallgatag barátaink  |c Ladislav Švihran ; Magda Fundárková, Pavol Blažo 
250 |a 1., magyar nyelvu kiad. 
260 |a Bratislava  |b Madách  |c 1982  |e Košice  |f Východoslovenské tlačiarne 
300 |a 304 s., 24,11 AH  |c 24 cm 
366 |e 1200 výtl. 
500 |a Ilustr. na tit. liste, front. a predsádkach. 23100 výtl. pre Móra Ferenc Ifjúság Könyvkiadó, Budapest. 
700 1 |a Fundárková, Magda  |4 trl  |9 376681 
700 1 |a Blažo, Pavel,  |d 1943-  |4 bkd  |9 247297 
852 |a Slovenská národná knižnica 
954 |a výklady populárnonáučné  |a literatúra faktu  |a literatúra pre deti a mládež 
958 |a LX 
958 |a DB 
958 |a TL 
958 |a UP 
958 |a HU 
958 |a OND 
999 |c 620447  |d 622377 
952 |t P60, <04>, [BOOK], {604}  |a SNK  |b SNK  |y VYP  |7 0  |p 17A0418863  |o snkSC 57108 D1  |i snkKSP 11351/82  |0 0  |1 0  |4 0  |d 2004-10-22  |l 0  |r 2004-12-31 00:00:00  |w 2026-02-23 
952 |a SNK  |b SNK  |y PREZ  |7 0  |p 17A0894218  |o snkSC 57108  |0 0  |1 0  |4 0  |d 2012-08-15  |l 0  |r 2025-06-02 00:00:00  |w 2026-02-23